000 00299nam a22001337a 4500
008 170802b xxu||||| |||| 00| 0 eng d
020 _a9780764503573
041 _aeng
080 _a004
100 _a32
101 _aSHKI
245 _aCREATING WEB PAGES FOR DUMMIES
_cSMITH, B
942 _2udc
_cBK
999 _c22582
_d22582